000
00223nam a22000977a 4500
003
SGT
082
_a
370
_b
NCE
100
_a
NCERT
245
_a
राष्ट्रीय शिक्षा नीति 1986
942
_2
ddc
_c
BK
999
_c
17430
_d
17430